Comparative evolution of world air transport (Record no. 376481)

000 -LEADER
fixed length control field 00354cam a22001337a 4500
008 - FIXED-LENGTH DATA ELEMENTS--GENERAL INFORMATION
fixed length control field 180718b1967 xxu||||| |||| 00| 0 eng d
082 ## - DEWEY DECIMAL CLASSIFICATION NUMBER
Classification number W6 N23
100 ## - MAIN ENTRY--PERSONAL NAME
Personal name Nawab, A.W.
245 ## - TITLE STATEMENT
Title Comparative evolution of world air transport
Statement of responsibility, etc. by A.W. Nawab
260 ## - PUBLICATION, DISTRIBUTION, ETC.
Place of publication, distribution, etc. Delhi
Name of publisher, distributor, etc. National
Date of publication, distribution, etc. 1967
300 ## - PHYSICAL DESCRIPTION
Extent 236p.
650 ## - SUBJECT ADDED ENTRY--TOPICAL TERM
Topical term or geographic name entry element Airports - India
650 ## - SUBJECT ADDED ENTRY--TOPICAL TERM
Topical term or geographic name entry element Airlines
Holdings
Withdrawn status Lost status Damaged status Not for loan Permanent Location Current Location Date acquired Full call number Barcode Date last seen Price effective from Koha item type
        Indian Institute of Public Administration Indian Institute of Public Administration 1994-10-19 W6 N23 40927 2018-07-21 2018-07-21 Book

Powered by Koha